MARC details
| 000 -LEADER |
| fixed length control field |
01807cam a2200373 a 4500 |
| 001 - CONTROL NUMBER |
| control field |
13371587 |
| 003 - CONTROL NUMBER IDENTIFIER |
| control field |
BDDh-ASL |
| 005 - DATE AND TIME OF LATEST TRANSACTION |
| control field |
20231015030502.0 |
| 008 - FIXED-LENGTH DATA ELEMENTS--GENERAL INFORMATION |
| fixed length control field |
030122s2002 ii b 001 0 eng |
| 010 ## - LIBRARY OF CONGRESS CONTROL NUMBER |
| LC control number |
2003306308 |
| Canceled/invalid LC control number |
2003271253 |
| -- |
2003271253 |
| 020 ## - INTERNATIONAL STANDARD BOOK NUMBER |
| International Standard Book Number |
0195656407 |
| 025 ## - OVERSEAS ACQUISITION NUMBER |
| Overseas acquisition number |
I-E-2003-306308; 61-92 |
| 035 ## - SYSTEM CONTROL NUMBER |
| System control number |
(DLC) 2003306308 |
| 037 ## - SOURCE OF ACQUISITION |
| Source of stock number/acquisition |
Library of Congress -- New Delhi Overseas Office |
| Terms of availability |
Rs495.00 |
| 040 ## - CATALOGING SOURCE |
| Original cataloging agency |
DLC |
| Transcribing agency |
DLC |
| Modifying agency |
DLC |
| -- |
BDDh-ASL |
| 042 ## - AUTHENTICATION CODE |
| Authentication code |
lcode |
| 043 ## - GEOGRAPHIC AREA CODE |
| Geographic area code |
a-ii--- |
| 050 00 - LIBRARY OF CONGRESS CALL NUMBER |
| Classification number |
DS463 |
| Item number |
.E34 2002 |
| 082 ## - DEWEY DECIMAL CLASSIFICATION NUMBER |
| Classification number |
954 |
| Item number |
EIG |
| 245 04 - TITLE STATEMENT |
| Title |
The eighteenth century in India / |
| Statement of responsibility, etc. |
edited by Seema Alavi. |
| 246 3# - VARYING FORM OF TITLE |
| Title proper/short title |
18th century in India |
| 260 ## - PUBLICATION, DISTRIBUTION, ETC. |
| Place of publication, distribution, etc. |
New Delhi : |
| Name of publisher, distributor, etc. |
Oxford University Press, |
| Date of publication, distribution, etc. |
2002. |
| 300 ## - PHYSICAL DESCRIPTION |
| Extent |
261 p. : |
| Dimensions |
22 cm. |
| 440 #0 - SERIES STATEMENT/ADDED ENTRY--TITLE |
| Title |
Oxford in India readings. |
| Name of part/section of a work |
Debates in Indian history and society |
| 504 ## - BIBLIOGRAPHY, ETC. NOTE |
| Bibliography, etc. note |
Includes bibliographical references and index. |
| 505 0# - FORMATTED CONTENTS NOTE |
| Formatted contents note |
The eighteenth century in Indian economic history / Irfan Habib -- Aspects of agrarian uprising in North India in the early eighteenth century / Muzaffar Alam -- Economic and political expansion : the case of Awadh / P.J. Marshall -- Trade and politics in eighteenth-century Bengal / Om Prakash -- Epilogue to the Indian edition / C.A. Bayly -- Merchants and the rise of colonialism / Prasannan Parthasarathi -- The initial British impact on India : a case study of the Banaras region / Bernard S. Cohn. |
| 520 ## - SUMMARY, ETC. |
| Summary, etc. |
Contributed articles. |
| 651 #0 - SUBJECT ADDED ENTRY--GEOGRAPHIC NAME |
| Geographic name |
India |
| General subdivision |
History |
| Chronological subdivision |
18th century. |
| 700 1# - ADDED ENTRY--PERSONAL NAME |
| Personal name |
Alavi, Seema. |
| 856 42 - ELECTRONIC LOCATION AND ACCESS |
| Materials specified |
Publisher description |
| Uniform Resource Identifier |
<a href="http://www.loc.gov/catdir/enhancements/fy0615/2003306308-d.html">http://www.loc.gov/catdir/enhancements/fy0615/2003306308-d.html</a> |
| 906 ## - LOCAL DATA ELEMENT F, LDF (RLIN) |
| a |
7 |
| b |
cbc |
| c |
origode |
| d |
2 |
| e |
ncip |
| f |
20 |
| g |
y-gencatlg |
| 942 ## - ADDED ENTRY ELEMENTS (KOHA) |
| Source of classification or shelving scheme |
Dewey Decimal Classification |
| Koha item type |
Books |